Word Ladder: Albus Dumbledore Quotes Quiz Stats

 Plays Quiz Updated Apr 20, 2018

Score 0/32 Timer 04:00
0 Plays Today
Clue 4-Letter Word % Correct
⚡Ah, Professor, I would trust Hagrid with my ____.⚡LIFE
97.8%
⚡It does not do to dwell on dreams, Harry, and forget to ____.⚡LIVE
95.5%
⚡Horace, do you mind if I take this? I do ____ knitting patterns.⚡LOVE
95.1%
⚡The evidence that the ____ Lord has returned is incontrovertible.⚡DARK
94.7%
⚡She sacrificed herself for you, and that kind of act leaves a ____.⚡MARK
93.7%
⚡If you succeed tonight, ___ than one innocent life may be spared.⚡MORE
93.5%
⚡Draco, years ago I knew a boy who ____ all the wrong choices.⚡MADE
93.3%
The short, loud cry of a dogBARK
93%
⚡Don't tell me now you've grown to ____ for the boy.⚡CARE
92.9%
⚡I never liked these curtains. I set them on ____ in my fourth year.⚡FIRE
92.7%
Not clothed or coveredBARE
91.5%
A female horseMARE
91.2%
Defy or challenge someone to do somethingDARE
90%
⚡This is perhaps the ____ important memory I've collected.⚡MOST
89.1%
⚡Hogwarts has been chosen to ____ a legendary event.⚡HOST
89%
The money a passenger on public transportation has to payFARE
88.7%
Clue 4-Letter Word % Correct
The central or most important part of somethingCORE
88.7%
Go in a specified direction or manner, change positionMOVE
88.3%
Gradually grow faint and disappearFADE
88.1%
One's place of residenceHOME
87.7%
⚡Once again, I ____ ask too much of you, Harry.⚡MUST
86.3%
The compass point directly opposite to EastWEST
83.7%
A sculpture of a person's head, shoulders and chestBUST
83.3%
A long, usually rubber tube that liquids or gases can flow throughHOSE
83.1%
⚡That I shall never reveal the ____ of you, Severus?⚡BEST
81.9%
⚡Personally, I've never had much ____ for heroes.⚡TIME
80.9%
An especially large, heavy, scholarly bookTOME
79.7%
To exhaust or greatly decrease the physical strength ofTIRE
79.6%
An irritant chemical used in an aerosol to disable attackersMACE
76.3%
18-wheel truck brandMACK
75.3%
A ridge or lump raised on the body (as by a blow or allergic reaction)WELT
70.8%
⚡____, being me has its privileges,⚡WELL
70%

Today's Daily Dose

You're not logged in!

Compare scores with friends on all Sporcle quizzes.
OR
Log In

Sporcle TV

Today on Sporcle TV


Watch our educational content, quiz creation guides, and fun videos on Sporcle TV.

Show Comments

Extras

Top Quizzes Today


Score Distribution

Your Account Isn't Verified!

In order to create a playlist on Sporcle, you need to verify the email address you used during registration. Go to your Sporcle Settings to finish the process.

Report this User

Report this user for behavior that violates our Community Guidelines.

Details: